000
00212 a2200097 4500
001
33529
100
_a
Joshi, P.H
245
_a
Jigs and Fixtures
260
_a
ND
_b
Tata McGraw-Hill
_c
2004
090
_c
22300
_d
22300
942
_a
NUST-CAE
_c
M
_c
13671
999
_c
268602
_d
268602